| Tag |
First Indicator |
Second Indicator |
Subfields |
| LEADER |
00000cam a2200000 a 4500 |
| 001 |
in00001505721 |
| 005 |
20151021075010.0 |
| 008 |
850909s1985 ru b 000 0 ruso |
| 010 |
|
|
|a 85201917
|
| 020 |
|
|
|c 2.30rub
|
| 035 |
|
|
|a (OCoLC)13488901
|
| 035 |
|
|
|9 AJH8948AM
|
| 040 |
|
|
|a DLC
|c DLC
|d TXA
|d UtOrBLW
|
| 043 |
|
|
|a e-ur-ru
|
| 049 |
|
|
|a TXAM
|
| 050 |
0 |
0 |
|a HD1995.N515
|b D45 1985
|
| 245 |
0 |
0 |
|a Dei︠a︡telʹnostʹ KPSS po preobrazovanii︠u︡ selʹskogo khozi︠a︡ĭstva Nechernozemʹi︠a︡ RSFSR /
|c pod redakt︠s︡ieĭ V.T. Aniskova.
|
| 264 |
|
1 |
|a Moskva :
|b "Vysshai︠a︡ shkola",
|c 1985.
|
| 300 |
|
|
|a 191 pages ;
|c 22 cm.
|
| 336 |
|
|
|a text
|b txt
|2 rdacontent
|
| 337 |
|
|
|a unmediated
|b n
|2 rdamedia
|
| 338 |
|
|
|a volume
|b nc
|2 rdacarrier
|
| 504 |
|
|
|a Bibliography: pages 179-[190].
|
| 650 |
|
0 |
|a Agriculture and state
|z Russia (Federation)
|z Non-Chernozem Region.
|
| 651 |
|
0 |
|a Non-Chernozem Region (Russia)
|x Rural conditions.
|
| 700 |
1 |
|
|a Aniskov, V. T.
|q (Viktor Tikhonovich),
|d 1928-
|
| 948 |
|
|
|a c:ml
|
| 999 |
|
|
|a MARS
|
| 999 |
f |
f |
|s 24787c62-be33-3d1a-ab72-250ebe914e7c
|i 6f067d95-2559-36c5-b2e3-d6cdbc489b45
|t 0
|
| 952 |
f |
f |
|p ric
|a Texas A&M University
|b Rellis Campus
|c Joint Library Facility
|d Remote Storage
|t 0
|e HD1995.N515 D45 1985
|h Library of Congress classification
|i unmediated -- volume
|m A14825065585
|
| 998 |
f |
f |
|a HD1995.N515 D45 1985
|t 0
|l Remote Storage
|